| 000 | 00692nam a22002297a 4500 | ||
|---|---|---|---|
| 005 | 20170124110254.0 | ||
| 010 | _aA-251851 | ||
| 020 | _c00.00 | ||
| 035 | _aA-251851 | ||
| 037 | _bCen Lib/Ret | ||
| 040 |
_aDPL _bEN |
||
| 082 |
_a374 _bRAM |
||
| 100 |
_aRamabrahmam, I. _9101580 |
||
| 245 |
_aAdult education policy and performance / _cby I.Ramabrahmam |
||
| 246 | _b | ||
| 260 |
_bDelhi _aGiyan Publishing House _c1988 |
||
| 270 |
_a29/6, Shakti Nagar _bDelhi _e110007 |
||
| 300 |
_ax,230p. _c20m(Hb) |
||
| 650 |
_a Adult education and state _9101581 |
||
| 650 |
_aAdult education and state -- India -- Andhra Pradesh. _9101582 |
||
| 942 |
_2ddc _cEN _h374 _mRAM |
||
| 999 |
_c136079 _d136079 |
||